书目信息 |
| 题名: |
数学建模的理论与实践
|
|
| 作者: | 吴翊 编著 | |
| 分册: | ||
| 出版信息: | 长沙 国防科技大学出版社 1999.08 |
|
| 页数: | 370页 | |
| 开本: | 32开 | |
| 丛书名: | ||
| 单 册: | ||
| 中图分类: | O141.4 | |
| 科图分类: | ||
| 主题词: | 数理逻辑 , 数学基础 | |
| 电子资源: | ||
| ISBN: | 7-81024-571-6 | |
| 000 | 00594nam0 2200205 45 | |
| 001 | 0012261435 | |
| 005 | 20001226145548.0 | |
| 010 | @a7-81024-571-6@d17.00元 | |
| 100 | @a20001226d1999 km y0chiy0120 ea | |
| 101 | 0 | @achi |
| 105 | @a z 000yy | |
| 200 | 1 | @a数学建模的理论与实践@AShu Xue Jian Mo De Li Lun Yu Shi Jian@f吴翊等编著@FWu Yi Deng Bian Zhu |
| 210 | @a长沙@c国防科技大学出版社@d1999.08 | |
| 215 | @a370页@d32开 | |
| 606 | 0 | @a数理逻辑 |
| 606 | 0 | @a数学基础 |
| 690 | @aO141.4@v3 | |
| 701 | 0 | @a吴翊@4编著 |
| 801 | @aCN@bPftUser@c20001226 | |
| 905 | @b314983-992@dO141.4@eW.335@f10 | |
| 数学建模的理论与实践/吴翊等编著.-长沙:国防科技大学出版社,1999.08 |
| 370页;32开 |
| ISBN 7-81024-571-6:17.00元 |
| ● |
| 相关链接 |
|
|
|
正题名:数学建模的理论与实践
索取号:O141.4/W.335
 
预约/预借
| 序号 | 登录号 | 条形码 | 馆藏地/架位号 | 状态 | 备注 |
| 1 | 314983 | 203149832 | 自科库401/401自科库 40排3列4层/ [索取号:O141.4/W.335] | 在馆 | |
| 2 | 314984 | 203149841 | 数理学院资料室/ [索取号:O141.4/W.335] | 在馆 | |
| 3 | 314985 | 203149850 | 自科二线504/504自科库 42排5列5层/ [索取号:O141.4/W.335] | 在馆 | |
| 4 | 314986 | 203149869 | 自科二线504/504自科库 42排5列5层/ [索取号:O141.4/W.335] | 在馆 | |
| 5 | 314987 | 203149878 | 数理学院资料室/ [索取号:O141.4/W.335] | 在馆 | |
| 6 | 314988 | 203149887 | 数理学院资料室/ [索取号:O141.4/W.335] | 在馆 | |
| 7 | 314989 | 203149896 | 自科二线504/504自科库 42排1列2层/ [索取号:O141.4/W.335] | 在馆 | |
| 8 | 314990 | 203149903 | 自科库401/401自科库 40排3列4层/ [索取号:O141.4/W.335] | 在馆 | |
| 9 | 314991 | 203149912 | 数理学院资料室/ [索取号:O141.4/W.335] | 在馆 | |
| 10 | 314992 | 203149921 | 自科二线504/504自科库 50排2列1层/ [索取号:O141.4/W.335] | 在馆 |